01464nam a22002297a 4500008004100000020001800041040000800059050002500067100003200092245011200124260004400236300002800280520065000308650002300958650001700981650004500998650003201043650002301075942000801098952011301106999001501219251003b |||||||| |||| 00| 0 eng d a9781526670168 ctbs aRM222.2 b.H236 2024 aHari, Johann925983eauthor aMagic pillb: the extraordinary benefits and disturbing risks of the new weight-loss drugs c/ Johann Hari. aLondon :bBloomsbury Publishing,c2025. aix, 331 pages ;b20 cm. aOver the last decade, an extraordinary scientific breakthrough has taken place. A new kind of drug has arrived on the market, working in an unprecedented way to revolutionise weight loss and dieting. In 2023, Johann Hari began injecting himself with one of the weight loss drugs transforming how we look, feel and live. What began as a personal journey soon took him on an international investigation, tackling some of the most world-changing issues as he asked: Who should be taking these medications? How are they set to change not only the way we think about weight loss, but our economies? What are the benefits – and what are the risks? 0aWeight loss925984 0aPills925985 0aGlucagon-like peptide 1xAgonists925986 0aAppetite depressants925987 0aSemaglutide925988 2lcc 00102lcc4070aTBSbTBSd2025-10-03l0oRM222.2 HARpB07646r2025-10-03t1w2025-10-03y1zWELL COLLECTION c4999d4999